Vista normal
Vista MARC
- Personas con discapacidad
Entrada Materia
Número de registros utilizados en: 1
001 - NÚMERO DE CONTROL
- campo de control: 337
003 - IDENTIFICADOR DEL NÚMERO DE CONTROL
- campo de control: ES-MaFIAP
005 - FECHA Y HORA DE LA ÚLTIMA TRANSACCIÓN
- campo de control: 20220921130119.0
008 - DATOS DE LONGITUD FIJA
- campo de control de longitud fija: 220921|| aca||aabn | a|a d
040 ## - FUENTE DE LA CATALOGACIÓN
- Centro catalogador/agencia de origen: ES-MaFIAP
- Centro/agencia transcriptor: ES-MaFIAP
150 ## - ENCABEZAMIENTO--TÉRMINO DE MATERIA
- Término de materia o nombre geográfico como elemento de entrada: Personas con discapacidad
- Subdivisión general: Comunicación
- Subdivisión geográfica: Países de la Unión Europea
670 ## - FUENTE DE DATOS ENCONTRADOS
- Cita de la fuente: Work cat.: (ES-MaFIAP)98: Jiménez Lara, Antonio XX1105320 240, El estado actual de la accesibilidad de las tecnologías de la información y la comunicación (TIC) [Texto impreso] :, 2011





